| 000 | 00762nam a2200241 a 4500 | ||
|---|---|---|---|
| 005 | 20240803063744.0 | ||
| 008 | 030514s2005 es r 000 0 spa d | ||
| 020 | _a8495722283 | ||
| 035 | _aUPN01000124196 | ||
| 049 | _aCG | ||
| 050 | 4 |
_aPQ6701 L3.6 _bI5.3 2005 |
|
| 100 | 1 |
_aAlapont Ramon, Pasqual, _d1963- _930245 |
|
| 245 | 1 | 3 |
_aEl infierno de Marta / _cPasqual Alapont. La máscara del amor / Vicente Garrido ; tr. Soledad Carreño. |
| 250 | _a3a ed. | ||
| 260 |
_aMadrid : _bAlgar, _c2005. |
||
| 300 | _a170 p. | ||
| 440 | 0 |
_aAlgar joven ; _v10 |
|
| 534 |
_pTraducción de: _tL'infern de Marta |
||
| 650 | 4 |
_aNovela española _910814 |
|
| 700 | 1 |
_aGarrido Genovés, Vicente, _d1958- _ecoaut. _932811 |
|
| 740 | 3 | _aLa máscara del amor | |
| 905 | _aLibro | ||
| 999 |
_c96375 _d96375 |
||